000 00935nam a22002897a 4500
001 6257
003 FISKH
005 20250407104333.0
008 250407b cb ||||| |||| 00| 0 eng d
020 _a9781416971719
040 _aFISKH
_beng
_cFISKH
_dFISKH
050 _a PZ7.D78325 O
082 _a813.6
100 _aM.Draper, Sharon
_d(1952-)
245 _aOut of my mind /
_cSharon M.Draper
250 _aThis edition first published in 2011
260 _aNew York :
_bAtheneum Book,
_c2011
300 _a295 pages :
_c20 cm
505 _aR
520 _aConsidered by many to be mentally retarded, a brilliant, impatient fifth-grader with cerebral palsy discovers a technological device that will allow her to speak for the first time.
521 8 _a700
_bLexile
521 8 _aR
_bRaz-Plus
650 _2Cerebral palsy
_aWheelchair
650 _2Bullying
_aDisability
942 _2ddc
_cBK
_n0
999 _c6257
_d6257